Differential equations : theory and problems

Kaydedildi:
Detaylı Bibliyografya
Yazar: Ayres, Frank, 1901-1994
Materyal Türü: Kitap
Dil:English
Baskı/Yayın Bilgisi: New York, New York : McGraw-Hill 1952
Seri Bilgileri:Schaum’s outline series
Konular:
Etiketler: Etiketle
Etiket eklenmemiş, İlk siz ekleyin!

MARC

LEADER 00000nam a2200000Ia 4500
003 000659
005 20221231143954.0
008 140114s1952 nyua 000 ||eng d
040 |c cru CEDI 
082 |a 517.38 A985d 
100 |a Ayres, Frank, 1901-1994  |9 20519 
245 |a Differential equations : theory and problems  
260 |a  New York, New York : McGraw-Hill   |c 1952 
300 |a  296 páginas : ilustraciones ; 28 cm.-- 
440 |a Schaum’s outline series  |9 19116 
650 |x ECUACIONES DIFERENCIALES  |x ECUACIONES DIFERENCIALES - PROBLEMAS, EJERCICIOS, ETC.  |9 20653 
942 |2 ddc  |c BK 
999 |c 15006  |d 15006